A guide to meal management and table services / (Record no. 44)
[ view plain ]
| 000 -LEADER | |
|---|---|
| fixed length control field | 00704nam a22002177a 4500 |
| 005 - DATE AND TIME OF LATEST TRANSACTION | |
| control field | 20221017083412.0 |
| 008 - FIXED-LENGTH DATA ELEMENTS--GENERAL INFORMATION | |
| fixed length control field | 221017b |||||||| |||| 00| 0 eng d |
| 020 ## - INTERNATIONAL STANDARD BOOK NUMBER | |
| International Standard Book Number | 978-971-23-5644-5 |
| 082 ## - DEWEY DECIMAL CLASSIFICATION NUMBER | |
| Classification number | Fil. 642 So714 2010 |
| 100 ## - MAIN ENTRY--PERSONAL NAME | |
| Personal name | Soriano, Nora N. |
| Relator term | author |
| 245 ## - TITLE STATEMENT | |
| Title | A guide to meal management and table services / |
| Statement of responsibility, etc. | Nora Narvaez-Soriano; illustrator Maria Nora Soriano |
| 250 ## - EDITION STATEMENT | |
| Edition statement | 3rd ed. |
| 260 ## - PUBLICATION, DISTRIBUTION, ETC. | |
| Place of publication, distribution, etc. | Manila: |
| Name of publisher, distributor, etc. | Rex Book Store, |
| Date of publication, distribution, etc. | c2010. |
| 300 ## - PHYSICAL DESCRIPTION | |
| Extent | ix, 234p.: |
| Other physical details | ill. |
| 500 ## - GENERAL NOTE | |
| General note | Includes index and references |
| 541 ## - IMMEDIATE SOURCE OF ACQUISITION NOTE | |
| Accession number | 4132 c.1, 4133 c.2, 4348 c.3 |
| 650 ## - SUBJECT ADDED ENTRY--TOPICAL TERM | |
| Topical term or geographic name entry element | Menus |
| 650 ## - SUBJECT ADDED ENTRY--TOPICAL TERM | |
| Topical term or geographic name entry element | Meal planning |
| 650 ## - SUBJECT ADDED ENTRY--TOPICAL TERM | |
| Topical term or geographic name entry element | Table setting and decoration |
| 700 ## - ADDED ENTRY--PERSONAL NAME | |
| Personal name | Soriano, Maria Nora |
| Relator term | illustrator |
| Withdrawn status | Lost status | Source of classification or shelving scheme | Damaged status | Not for loan | Home library | Current library | Date acquired | Total Checkouts | Full call number | Barcode | Date last seen | Copy number | Price effective from | Koha item type |
|---|---|---|---|---|---|---|---|---|---|---|---|---|---|---|
| Dewey Decimal Classification | ctu-moalboal | ctu-moalboal | 02/17/2016 | Fil. 642 So714 2010 | 4348 | 10/17/2022 | 1 | 10/17/2022 | Books-Filipiniana | |||||
| Dewey Decimal Classification | ctu-moalboal | ctu-moalboal | 06/18/2015 | Fil. 642 So714 2010 | 4132 | 10/17/2022 | 2 | 10/17/2022 | Books-Filipiniana | |||||
| Dewey Decimal Classification | ctu-moalboal | ctu-moalboal | 06/18/2015 | Fil. 642 So714 2010 | 4133 | 10/17/2022 | 3 | 10/17/2022 | Books-Filipiniana |